| 000 | 00385pab a2200145 454500 | ||
|---|---|---|---|
| 008 | 180718b1998 xxu||||| |||| 00| 0 eng d | ||
| 100 | _aOommen, M.A. | ||
| 245 | _aEleventh Finance Commission and local bodies: task and options | ||
| 260 | _c1998 | ||
| 300 | _ap.3231-234 | ||
| 362 | _a19 Dec | ||
| 650 | _aPublic finance | ||
| 773 | _aEconomic and Political Weekly | ||
| 909 | _a39769 | ||
| 999 |
_c39769 _d39769 |
||